00458nam a2200193 a 4500001001300000003000900013005001700022008004100039020001000080082001600090100001800106245001600124260003200140300000900172500003500181505001300216650001700229700001800246nice12345678IN_TiNIC20260116011948.0050524s1991 boma grp 000 0 per  ac10000a955.02bQAB aQabus, Sultan aQabus Namah aBombaybNo Publishersc1991 a196p aincludes index and biblioraphy2 aarchives aIran-History1 aQabus, Sultan